Key issues to consider in relation to a development management agreement (Record no. 84153)

MARC details
000 -LEADER
fixed length control field 01122cab a22002055a 4500
001 - CONTROL NUMBER
control field L156778
008 - FIXED-LENGTH DATA ELEMENTS--GENERAL INFORMATION
fixed length control field 120713e2012 xxk 000 0 eng d
035 ## - SYSTEM CONTROL NUMBER
System control number (Sirsi) u156778
041 0# - LANGUAGE CODE
Language code of text/sound track or separate title eng
100 1# - MAIN ENTRY--PERSONAL NAME
Personal name Green, Simon
245 00 - TITLE STATEMENT
Title Key issues to consider in relation to a development management agreement
Remainder of title 10 July 2012
Medium [electronic resource]
260 ## - PUBLICATION, DISTRIBUTION, ETC.
Date of publication, distribution, etc. 2012
520 ## - SUMMARY, ETC.
Summary, etc. Owners seeking to develop land or property usually enter into a development management agreement (DMA) with their appointed developers. Explains the benefits of DMAs and outlines some of the key legal and commercial issues to be considered when entering a DMA: conditions precedent; development management fee; budget and costs; services and authority; and suspension and termination.
590 ## - LOCAL NOTE (RLIN)
Local note NTK KA
651 #4 - SUBJECT ADDED ENTRY--GEOGRAPHIC NAME
Geographic name United Kingdom
690 ## - LOCAL SUBJECT ADDED ENTRY--TOPICAL TERM (OCLC, RLIN)
Topical term or geographic name as entry element Landlord and tenant
9 (RLIN) 6252
690 ## - LOCAL SUBJECT ADDED ENTRY--TOPICAL TERM (OCLC, RLIN)
Topical term or geographic name as entry element Planning and development
9 (RLIN) 6259
856 40 - ELECTRONIC LOCATION AND ACCESS
Uniform Resource Identifier <a href="https://www.mondaq.com/x/185260/Building+Construction/Key+Issues+To+Consider+In+Relation+To+A+Development+Management+Agreement">https://www.mondaq.com/x/185260/Building+Construction/Key+Issues+To+Consider+In+Relation+To+A+Development+Management+Agreement</a>
Public note View the article after free registration at www.mondaq.com
942 ## - ADDED ENTRY ELEMENTS (KOHA)
Suppress in OPAC 0
Holdings
Withdrawn status Lost status Source of classification or shelving scheme Damaged status Not for loan Home library Current library Shelving location Date acquired Total Checkouts Full call number Barcode Date last seen Copy number Price effective from Koha item type
    Dewey Decimal Classification     Virtual Virtual Online 13/07/2012   ONLINE PUBLICATION 156778-2001 06/08/2019 1 06/08/2019 Journal article